4 Most Famous Cities in Palau on a Map - Statistics

General Stats
  • This quiz has been taken 76 times
  • The average score is 3 of 4
Answers on the Map
Answers color-coded by a green-red scale on the quiz's map according to % correct below.
 
Answer Stats
Wiki Monthly Views Cityquiz Mention Rate Population Answers % Correct
11.54K 11.21% 0K Ngerulmud
96%
6.90K 2.97% 9.56K Koror
85%
2.99K - 0.27K Melekeok
49%
0.34K 0.07% 0.45K Kloulklubed
25%
No matching quizzes found
Score Distribution
Percent of People with Each Score
Percentile by Number Answered
Your Score History
You have not taken this quiz